| 000 | 00908nam a2200265 i 4500 | ||
|---|---|---|---|
| 001 | 14681 | ||
| 003 | ES-MaACL | ||
| 005 | 20231219062530.0 | ||
| 007 | t| | ||
| 008 | 980709s1998 sp ||||0| spa | ||
| 020 | _a84-8191-176-3 | ||
| 080 | _a316.343.652(460)"19":32 | ||
| 080 | _a329.12(460)"19" | ||
| 100 | 1 |
_aOuimette, Víctor. _987973 |
|
| 245 | 1 | 4 |
_aLos intelectuales españoles y el naufragio del liberalismo _b: (1923-1936) / _cVíctor Ouimette ; introducción de José Luis Abellán. |
| 260 |
_aValencia : _bPre-Textos, _c[1998] |
||
| 300 |
_a2 v. ; _c24 cm. |
||
| 490 | 1 |
_aPre-textos ; _v333-334 |
|
| 650 | 4 |
_aIntelectuales- _zEspaña- _yS.XX- _xPensamiento político. _913854 |
|
| 650 | 1 | 4 |
_aLiberalismo- _zEspaña- _yS.XX. _914391 |
| 700 | 1 |
_aAbellán, José Luis, _d1933-2023 _9176509 |
|
| 830 | 1 |
_aPre-textos ; _v333-334 _9178641 |
|
| 852 |
_aES-MaACL _jL-21909-10 |
||
| 999 |
_c14681 _d14681 |
||